| 000 | 00880nam a2200313 a 4500 | ||
|---|---|---|---|
| 001 | vtls000084320 | ||
| 003 | NLI | ||
| 005 | 20210601194707.0 | ||
| 008 | 101125s1961 ii 000 0 eng | ||
| 020 | _cRs. 2.00 | ||
| 039 | 9 |
_y201011250916 _zVLOAD |
|
| 040 | 0 |
_aNLI _beng _cEntertech-2003 _eAACR2 |
|
| 041 | 1 | _aeng | |
| 044 | _aii | ||
| 082 | 0 | 4 | _a179 |
| 100 | 1 |
_aCarrel, Alexis, _d1873-1944 _9148431 |
|
| 245 | 1 | 0 |
_aReflections of life / _cby Alexis Carrel ; translated by Antonia White |
| 260 |
_aBombay _bWilco Pub. House _cc1961 |
||
| 300 |
_a186 p. ; _c17 cm. |
||
| 650 | 0 |
_aEthics _91373 |
|
| 650 | 0 |
_aNormativity (Ethics) _9167438 |
|
| 650 | 0 |
_aLife _94426 |
|
| 700 | 1 |
_aWhite, Antonia _4trl _9189856 |
|
| 887 | _a | ||
| 901 |
_aDB787 _b07.10.1961 |
||
| 902 | _aE179 C232 | ||
| 949 |
_AVIRTUAITEM _D10000 _X100 _6DBA000000787ENG |
||
| 942 |
_2ddc _cBKS |
||
| 999 |
_aVIRTUA00 _c87362 _d87362 |
||